000 00601nam a2200241 a 4500
001 nice12345678
003 IN_TiNIC
005 20260116011637.0
008 050524s1974 newa grp 000 0 urd
020 _a
_c5
082 0 0 _a922.97
_bARS
100 _aArsh, Malsiyani
245 _aAbul Kalam Azad
_b Jadid Hindustan Ke Me`maar
260 _aNew Delhi
_bPublication Division Goi
_c1974
300 _a177p
500 _aincludes index and biblioraphy
505 2 _aAppendix
650 _aAbul Kalam Azad
700 1 _aArsh, Malsiyani
902 _bSRS
942 _cBK
999 _c3080
_d3080